Les Ravageurs des cultures vivrières et maraîchères sous les tropiques / (Record no. 11984)

000 -LEADER
fixed length control field 00530nam a2200157 a 4500
020 ## - INTERNATIONAL STANDARD BOOK NUMBER
ISBN 2706808144
040 ## - CATALOGING SOURCE
Transcribing agency DLC
082 04 - DEWEY DECIMAL CLASSIFICATION NUMBER
Classification number 630 G-P. M 1982 A039 Or.
245 04 - TITLE STATEMENT
Title Les Ravageurs des cultures vivrières et maraîchères sous les tropiques /
260 ## - PUBLICATION, DISTRIBUTION, ETC. (IMPRINT)
Place of publication Paris :
Name of publisher G.-P. Maisonneuve & Larose :
-- Agence de coopération culturelle et technique,
Year of publication c1982.
300 ## - PHYSICAL DESCRIPTION
Number of Pages 420 p., xii p. of plates :
Other physical details ill. (some col.) ;
Dimensions 24 cm.
650 #0 - SUBJECT ADDED ENTRY--TOPICAL TERM
Topical Term Agricultural pests
700 1# - ADDED ENTRY--PERSONAL NAME
Personal name Appert, J.
700 1# - ADDED ENTRY--PERSONAL NAME
Personal name Deuse, Jacques.
942 ## - ADDED ENTRY ELEMENTS (KOHA)
Koha item type សៀវភៅភាសាបារាំង
952 ## - LOCATION AND ITEM INFORMATION (KOHA)
Withdrawn status [LOCAL, KOHA] 0
952 ## - LOCATION AND ITEM INFORMATION (KOHA)
Withdrawn status [LOCAL, KOHA] 0
952 ## - LOCATION AND ITEM INFORMATION (KOHA)
Withdrawn status [LOCAL, KOHA] 0
Holdings
Permanent Location Date acquired Koha item type Lost status Shelving location Barcode Current Location Full call number
Library Block A2017-08-09សៀវភៅភាសាបារាំង A039A17358Library Block A630 G-P. M 1982 A039 Or.
Library Block A2017-08-09សៀវភៅភាសាបារាំង A039A21066Library Block A630 G-P. M 1982 A039 Or.
Library Block A2017-08-09សៀវភៅភាសាបារាំង A039A21760Library Block A630 G-P. M 1982 A039 Or.
មជ្ឈមណ្ឌលឯការនៃសាកលវិទ្យាល័យភូមិន្ទកសិកម្មចំការដូង

Powered by Koha